000 00396cam a2200157ua 4500
003 OSt
008 240115b |||||||| |||| 00| 0 eng d
041 _aeng
082 _a821
_bGRA/GR
100 _aGray, .
_94787
245 _aGray and Collins poetical works /
260 _aLondon :
_bOxford University Press ,
_c1966.
300 _a328 ; .
700 1 _aCollins, .
_95641
942 _cBK
999 _c5325
_d5325